Evaluation du risque du comportement violent par la HCR20 dans deux groupes de sujets schizophrènes (notice n° 1674176)
[ vue normale ]
| 000 -LEADER | |
|---|---|
| fixed length control field | 01941cam a2200277 4500500 |
| 005 - DATE AND TIME OF LATEST TRANSACTION | |
| control field | 20260301001745.0 |
| 041 ## - LANGUAGE CODE | |
| Language code of text/sound track or separate title | fre |
| 042 ## - AUTHENTICATION CODE | |
| Authentication code | dc |
| 100 10 - MAIN ENTRY--PERSONAL NAME | |
| Personal name | Ellouze, Faten |
| Relator term | author |
| 245 00 - TITLE STATEMENT | |
| Title | Evaluation du risque du comportement violent par la HCR20 dans deux groupes de sujets schizophrènes |
| 260 ## - PUBLICATION, DISTRIBUTION, ETC. | |
| Date of publication, distribution, etc. | 2009.<br/> |
| 500 ## - GENERAL NOTE | |
| General note | 9 |
| 520 ## - SUMMARY, ETC. | |
| Summary, etc. | Le psychiatre est de plus en plus confronté à l’évaluation du risque de violence parmi les patients malades mentaux. L’échelle HCR20 a déjà prouvé ses vertus dans ce domaine. Le but de ce travail, le premier en Tunisie, est de comparer les différents paramètres de la HCR20 entre schizophrènes violents et non violents. Les schizophrènes violents se caractérisent dans notre étude par des scores et des sous scores de la HCR20 plus élevés comparativement aux patients non violents. La différence est significative. Ce résultat nous encourage à généraliser l’utilisation de la HCR20 parmi nos patients psychotiques. |
| 520 ## - SUMMARY, ETC. | |
| Summary, etc. | The psychiater was asked more and more to evaluat the risk of violence among pscyhiatric pateints. The HCR20 scale have also proved its qualities in this prediction. The perpose of this study was to compare severeal HCR 20 parameters among violent schizophrenic pateints and non violents schizophrenic ones. Violent schizophrenic patients have greater HCR20 scors and scous scors, This resultas alow us to generalised the HCR20 use to other psychotic pateints. |
| 690 ## - LOCAL SUBJECT ADDED ENTRY--TOPICAL TERM (OCLC, RLIN) | |
| Topical term or geographic name as entry element | HCR20 |
| 690 ## - LOCAL SUBJECT ADDED ENTRY--TOPICAL TERM (OCLC, RLIN) | |
| Topical term or geographic name as entry element | schizophrénie |
| 690 ## - LOCAL SUBJECT ADDED ENTRY--TOPICAL TERM (OCLC, RLIN) | |
| Topical term or geographic name as entry element | HCR20 |
| 690 ## - LOCAL SUBJECT ADDED ENTRY--TOPICAL TERM (OCLC, RLIN) | |
| Topical term or geographic name as entry element | schizopnhrenia |
| 690 ## - LOCAL SUBJECT ADDED ENTRY--TOPICAL TERM (OCLC, RLIN) | |
| Topical term or geographic name as entry element | violence |
| 700 10 - ADDED ENTRY--PERSONAL NAME | |
| Personal name | Cherif, Wissal |
| Relator term | author |
| 700 10 - ADDED ENTRY--PERSONAL NAME | |
| Personal name | Jaoua, Fériel |
| Relator term | author |
| 700 10 - ADDED ENTRY--PERSONAL NAME | |
| Personal name | Allouch, Cherouk |
| Relator term | author |
| 700 10 - ADDED ENTRY--PERSONAL NAME | |
| Personal name | Fadel M’rad, Mohamed |
| Relator term | author |
| 786 0# - DATA SOURCE ENTRY | |
| Note | Psy Cause | 54 | 2 | 2009-01-06 | p. 40-44 | 1245-2394 |
| 856 41 - ELECTRONIC LOCATION AND ACCESS | |
| Uniform Resource Identifier | <a href="https://shs.cairn.info/revue-psy-cause-2009-2-page-40?lang=fr&redirect-ssocas=7080">https://shs.cairn.info/revue-psy-cause-2009-2-page-40?lang=fr&redirect-ssocas=7080</a> |
Pas d'exemplaire disponible.




Réseaux sociaux